Statistics for A-Z Cities by Pictures

Click here to take the quiz!

General Stats

  • This quiz has been taken 24,718 times
  • The average score is 16 of 26

Answer Stats

Answer% Correct
London
96%
Amsterdam
94%
Washington D.C
90%
Dubai
85%
Rio de Janeiro
83%
Istanbul
79%
Jerusalem
77%
Toronto
75%
New York City
74%
Orlando
71%
Cairo
67%
Havana
65%
Edinburgh
64%
Shanghai
59%
Milan
57%
Kyoto
55%
Vienna
52%
Zurich
52%
Frankfurt
51%
Xian
51%
Ulan Bator
46%
Guangzhou
38%
{Quezon} City
27%
Yangon
26%
Buenos Aires
25%
Panama City
18%

Score Distribution

Percentile by Number Answered

Percent of People with Each Score

Your Score History

You have not taken this quiz